Villes de France par description Wikipedia - #2 - Statistiques

Statistiques générales
  • Ce quiz a été pris 40 fois
  • Le résultat moyen est 9 sur 15
Statistiques - réponses
Description Ville % Correct
[...] est surnommée la « cité impériale » — auparavant la « cité du corail » — en référence à l'empereur Napoléon Ier, originaire de la ville et né le 15 août 1769 trois mois après la conquête de l'île par l'armée de Louis XV. Ajaccio
94%
Située au carrefour de l'océan Atlantique, de la forêt des Landes et de l'estuaire de la Gironde, traversée par la Garonne, la position centrale de [...] sur les itinéraires commerciaux, terrestres et fluviaux, au cœur d'une riche région viticole en a fait une des principales villes de France et d'Europe. Bordeaux
88%
Centre de pèlerinage catholique depuis les apparitions de la Vierge Marie en 1858, elle accueille chaque année plusieurs millions de pèlerins ou visiteurs venus du monde entier. Lourdes
79%
Deuxième plus grande ville du département et sous-préfecture, elle est connue pour l'épisode du vase de [...] à la suite de la prise de la ville par Clovis en 486, d'où elle tire son surnom de « la cité du Vase ». Soissons
79%
Elle possède la deuxième capacité hôtelière du pays, ce qui lui permet d'accueillir environ 5 millions de touristes chaque année. Elle dispose également du troisième aéroport de France (le premier de province) et d'un palais des congrès consacrés au tourisme d'affaires. Nice
71%
Ancienne capitale du Rouergue, la ville est le siège du diocèse de [...] et Vabres. Ses habitants sont appelés les Ruthénois, du nom des Rutènes, peuple gaulois qui occupait jadis le territoire, l'ancien gentilé « Rodanois » ayant cédé la place à cette forme savante. Rodez
71%
Labellisée « 4 fleurs », [...] est la capitale culturelle et touristique du Périgord blanc, dans la vallée de l'Isle. Reconnue ville d'art et d'histoire, la ville possède un patrimoine historique gallo-romain, médiéval et de la Renaissance. Périgueux
68%
La Marine royale s'y établit aussi dès 1688 pour y faire construire des bateaux. L'arsenal de [...] produira de nombreux bateaux lors des siècles suivants, y compris les premiers cuirassés français. La pêche permet à la ville de connaître une nouvelle phase de croissance, à partir de l'ouverture du port de pêche de Keroman dans les années 1920. Lorient
59%
[...] est ainsi remarquable par cette impressionnante cathédrale Sainte-Cécile, construite entre 1282 et 1480, et son palais de la Berbie, ancien palais des archevêques d'[...], qui dominent le centre-ville historique et les rives du Tarn. Albi
56%
[...] fait partie intégrante du parc naturel régional du Marais poitevin, vaste zone humide répartie sur les trois départements de Charente-Maritime, des Deux-Sèvres et de Vendée. Niort
56%
Première ville de France en nombre d'inscriptions au patrimoine de l'Unesco, [...] est célèbre pour sa cathédrale Notre-Dame, joyau de l'art gothique et l'une des plus vastes cathédrales du monde. Amiens
41%
La ville est la sous-préfecture du département et le chef-lieu du canton d'[...]. En nombre d'habitants, elle est la troisième ville du département après Guéret et La Souterraine. Elle est réputée pour ses tapisseries. Aubusson
41%
La ville a gardé la mémoire de ce moment clé de la Seconde Guerre mondiale en édifiant notamment un Mémorial pour la Paix, célèbre dans le monde pour les cérémonies de commémorations qui y ont lieu. Caen
38%
L’essor de l’industrie horlogère dès la fin du XVIIIe siècle suivie de l'arrivée du chemin de fer en 1856 entraîne un essor économique significatif et consacre [...] comme capitale de l’horlogerie française. Besançon
35%
Au début du VIe siècle, Clovis choisit [...] comme capitale de son royaume. Profitant de la fertilité agricole de son bassin alentour alliée au pouvoir institutionnel lui étant conféré, la cité devient alors une des principales villes de l'ancienne Gaule avec des palais royaux, de riches abbayes et une cathédrale. Paris
35%
Aucun quiz correspondant
Distribution des résultats
% des personnes avec chaque résultat
Percentile par nombre de réponses
Votre historique - résultats
Vous n’avez pas pris ce quiz